[Event "CAN-ch U12"]
[Site "Quebec"]
[Date "2018.07.04"]
[Round "5.76"]
[White "Parent, Etienne"]
[Black "Liu, Henry"]
[Result "0-1"]
[WhiteElo "1024"]
[BlackElo "1545"]
[PlyCount "88"]
[EventDate "2018.07.02"]
[EventType "swiss"]
[EventRounds "7"]
[EventCountry "CAN"]
[SourceTitle "EXT 2022"]
[Source "ChessBase"]
[SourceDate "2021.10.06"]
[SourceVersion "1"]
[SourceVersionDate "2021.10.06"]
[SourceQuality "1"]

1. e4 e6 2. d4 d5 3. exd5 exd5 4. Nf3 Bf5 5. Nc3 Nf6 6. Bd3 Bxd3 7. Qxd3 Be7 8. 0-0 0-0 9. Bf4 a6 10. Rae1 Nc6 11. Be5 Ng4 12. h3 Ngxe5 13. dxe5 Bb4 14. Rd1 d4 15. Ne4 Qe7 16. Nxd4 Nxe5 17. Nf5 Nxd3 18. Nxe7+ Bxe7 19. Rxd3 Rad8 20. Rfd1 Rxd3 21. Rxd3 f5 22. Rd7 Re8 23. Ng3 Bd6 24. Nf1 Re1 25. Rd8+ Kf7 26. Rb8 b6 27. g4 f4 28. f3 Bc5+ 29. Kg2 Re2+ 30. Kh1 Rf2 31. Kg1 Rxc2+ 32. Kh1 Rf2 33. Kg1 Rxb2+ 34. Kh1 Rf2 35. Kg1 Rxa2+ 36. Kh1 Rf2 37. Kg1 Rxf3+ 38. Kg2 Rf2+ 39. Kg1 f3 40. Rc8 Rg2+ 41. Kh1 Rg1+ 42. Kh2 Rxf1 43. Rxc7+ Ke6 44. Rc6+ Kd7 0-1

[Event "CAN-ch U12"]
[Site "Quebec"]
[Date "2018.07.03"]
[Round "4.85"]
[White "Parent, Etienne"]
[Black "Taylor, Noah"]
[Result "1-0"]
[WhiteElo "1024"]
[BlackElo "756"]
[PlyCount "95"]
[EventDate "2018.07.02"]
[EventType "swiss"]
[EventRounds "7"]
[EventCountry "CAN"]
[SourceTitle "EXT 2022"]
[Source "ChessBase"]
[SourceDate "2021.10.06"]
[SourceVersion "1"]
[SourceVersionDate "2021.10.06"]
[SourceQuality "1"]

1. e4 e5 2. Nf3 Qf6 3. d4 Bd6 4. Bg5 Qg6 5. d5 Qxe4+ 6. Be2 Bb4+ 7. c3 Bc5 8. 0-0 Ne7 9. Nbd2 Qxd5 10. Nb3 Qe6 11. Nxc5 Qc6 12. Nd3 e4 13. Nb4 Qg6 14. Bxe7 Kxe7 15. Ne5 Qe6 16. Qd4 d6 17. Ng4 c5 18. Nd5+ Kd8 19. Qxg7 Qe8 20. Ngf6 Qf8 21. Qxf8+ Rxf8 22. Nxe4 Be6 23. Bc4 Kd7 24. Ndf6+ Ke7 25. Bxe6 Kxe6 26. Nxh7 Re8 27. Ng3 f6 28. Rae1+ Kf7 29. Rxe8 Kxe8 30. Nxf6+ Kf7 31. Nd5 Nd7 32. Nf5 Re8 33. Nxd6+ Kf8 34. Nxe8 Kxe8 35. Re1+ Kf7 36. Re7+ Kf8 37. Rxd7 b5 38. Rxa7 b4 39. cxb4 cxb4 40. Nxb4 Ke8 41. h4 Kf8 42. h5 Kg8 43. h6 Kh8 44. f4 Kg8 45. f5 Kh8 46. f6 Kg8 47. h7+ Kf8 48. h8R# 1-0

[Event "CAN-ch U10"]
[Site "Sault Ste Marie"]
[Date "2017.07.09"]
[Round "6"]
[White "Li, Neal Nian"]
[Black "Parent, Etienne"]
[Result "1-0"]
[WhiteElo "565"]
[BlackElo "1039"]
[PlyCount "62"]
[EventDate "2017.07.06"]
[EventType "swiss"]
[EventRounds "7"]
[EventCountry "CAN"]
[SourceTitle "EXT 2022"]
[Source "ChessBase"]
[SourceDate "2021.10.06"]
[SourceVersion "1"]
[SourceVersionDate "2021.10.06"]
[SourceQuality "1"]

1. e4 e5 2. Nf3 Nc6 3. Nc3 d6 4. d4 Be7 5. Bb5 Bd7 6. 0-0 Nf6 7. Re1 0-0 8. Bg5 Bg4 9. h3 Bxf3 10. Qxf3 Nxd4 11. Qg3 Nxc2 12. Bh6 Nh5 13. Qg4 g6 14. Rad1 Nxe1 15. Bxf8 Nf6 16. Bxe7 Qxe7 17. Qe2 a6 18. Bc4 b5 19. Bd5 Re8 20. Rxe1 b4 21. Na4 Qd7 22. Qxa6 Nh5 23. Bc6 Qc8 24. Qb5 Qb8 25. Bxe8 Qxb5 26. Bxb5 Nf4 27. Rc1 c5 28. Rd1 Ne6 29. Rxd6 Nc7 30. Bc4 Kf8 31. Nxc5 Ke7 1-0

[Event "CAN-ch U10"]
[Site "Sault Ste Marie"]
[Date "2017.07.06"]
[Round "1"]
[White "Parent, Etienne"]
[Black "Xu, Daniel"]
[Result "0-1"]
[WhiteElo "1039"]
[BlackElo "1941"]
[PlyCount "48"]
[EventDate "2017.07.06"]
[EventType "swiss"]
[EventRounds "7"]
[EventCountry "CAN"]
[SourceTitle "EXT 2022"]
[Source "ChessBase"]
[SourceDate "2021.10.06"]
[SourceVersion "1"]
[SourceVersionDate "2021.10.06"]
[SourceQuality "1"]

1. e4 e5 2. Nf3 Nc6 3. Bc4 Bc5 4. c3 Nf6 5. 0-0 0-0 6. d3 h6 7. Nbd2 d6 8. b4 Bb6 9. Bb2 Bd7 10. a4 a5 11. b5 Ne7 12. Ba2 Ng6 13. Ba3 Be6 14. Bxe6 fxe6 15. c4 Rf7 16. h3 Qd7 17. Bb2 Raf8 18. Qb3 Nh5 19. Qd1 Ngf4 20. g3 Nxg3 21. Nh4 Nxf1 22. Nxf1 Nxd3 23. Ba3 Rxf2 24. Kh1 Rd2 0-1